Hijo de ladrón

Spremljeno u:
Bibliografski detalji
Glavni autor: Rojas, Manuel (Autor)
Format: Knjiga
Jezik:španjolski
Izdano: Santiago Zig-Zag 1968
Izdanje:12a. ed
Serija:Narradores Chilenos
Teme:
Oznake: Dodaj oznaku
Bez oznaka, Budi prvi tko označuje ovaj zapis!

MARC

LEADER 00000nam a2200000 a 4500
001 UCH6716
003 CL-VaPUC
008 091109e19680000CL |||||||||||||||||spa|d
082 0 4 |a Ch863  |b ROJ  |2 21 
100 0 |a Rojas, Manuel  |e author  |9 313776 
245 1 0 |a Hijo de ladrón 
250 |a 12a. ed 
300 |a 313 p 
942 |c BK 
945 |d 20091109 00:00:00  |a lazolas 
260 |a Santiago  |b Zig-Zag  |c 1968 
650 0 |a Novelas chilenas   |9 265425 
650 0 |a Literatura chilena   |9 308278 
583 |a last modification  |c 20091109 00:00:00  |k Rodrigo Vera 
490 0 |a Narradores Chilenos 
999 |c 337549  |d 337547